000 00845nam a22002657a 4500
003 CHAP
005 20220329140225.0
008 971013s1965 r 00010 d
010 _a48804
011 _a49776
035 _a53926
040 _cCHAP
082 _a338.109873
_bV43
110 _aVenezuela. Dirección de Economía y Estadística Agropecuaria
_9118706
245 _aEstadística del estado de Miranda, 1964
260 _aCaracas :
_bMinisterio de Agricultura y Cría,
_c1965
300 _a53 p.
590 _aBATCH-UPD
_b10
_c20130110
_lUCH01
_h2233
590 _aBATCH-UPD
_b10
_c20130410
_lUCH01
_h1529
590 _aCONVERSION
_b10
_c20130109
_lUCH01
_h1327
650 1 4 _aAgricultura
_xAspectos economicos
_xVenezuela.
_91303
901 _aBK
942 _cLIBRO
949 _a338.109873 V43
_bBC
_cBPA
_d-119283
_eBPA
_h5467
_i53926
_si
999 _c48804
_d48804